000 01275nam a22003737a 4500
003 CHAP
005 20220817043327.0
008 971013s1974 r 00010 d
010 _a71955
011 _a72927
035 _a82484
040 _cCHAP
082 _a581.232
_bD3
100 0 0 _aDay, Peter Russell.
_931342
245 _aGenetics of host-parasite interaction
260 _aSan Francisco :
_bFreeman,
_c1974
300 _a238 p.
_b: ilus.
490 _aA series of books in the biology of plant pathogens
590 _aBATCH-UPD
_b10
_c20130109
_lUCH01
_h2318
590 _aBATCH-UPD
_b10
_c20130110
_lUCH01
_h0223
590 _aBATCH-UPD
_b10
_c20130110
_lUCH01
_h0925
590 _aBATCH-UPD
_b10
_c20130409
_lUCH01
_h1840
590 _aBATCH-UPD
_b10
_c20130409
_lUCH01
_h2245
590 _aBATCH-UPD
_b10
_c20130410
_lUCH01
_h1117
590 _aBATCH-UPD
_b10
_c20130914
_lUCH01
_h1137
590 _aCONVERSION
_b10
_c20130109
_lUCH01
_h1339
650 1 4 _aGenética vegetal.
650 1 4 _aHongos fitopatógenos.
_956132
650 1 4 _aInteracción huésped-parásito.
_959512
830 0 _aA series of books in the biology of plant pathogens
_994
901 _aBK
942 _cLIBRO
949 _a581.232 D3
_bBC
_cLIBRO
_d33724000539110
_eLIBRO
_h38336
_i82484
_si
_t106.50
999 _c71955
_d71955